Omnibus territories : report (to accompany S. 1237).
| Corporate Author: | |
|---|---|
| Format: | Government Document eBook |
| Language: | English |
| Published: |
[Washington, D.C.] :
[U.S. Government Printing Office],
[2014]
|
| Series: | Report / 113th Congress, 2d session, Senate ;
113-146 |
| Subjects: | |
| Online Access: | PDF version: Text version: PDF version: Text version: |
MARC
| Tag | First Indicator | Second Indicator | Subfields |
|---|---|---|---|
| LEADER | 00000cam a2200000 i 4500 | ||
| 001 | in00003454821 | ||
| 005 | 20210312123730.0 | ||
| 006 | m o d f | ||
| 007 | cr b|||||m|||| | ||
| 008 | 140416s2014 dcu o f000 0 eng c | ||
| 035 | |a (OCoLC)ocn876835649 | ||
| 042 | |a pcc | ||
| 043 | |a n-us--- | ||
| 040 | |a GPO |b eng |e rda |e pn |c GPO |d GPO |d COO |d OCLCO |d GPO |d MvI | ||
| 049 | |a WWW | ||
| 050 | 1 | 4 | |a KF31 |b .E55 2014c |
| 074 | |a 1008-G (online) | ||
| 086 | 0 | |a Y 1.1/5:113-146 | |
| 110 | 1 | |a United States. |b Congress. |b Senate. |b Committee on Energy and Natural Resources, |e author. | |
| 245 | 1 | 0 | |a Omnibus territories : |b report (to accompany S. 1237). |
| 264 | 1 | |a [Washington, D.C.] : |b [U.S. Government Printing Office], |c [2014] | |
| 300 | |a 1 online resource (42 pages). | ||
| 336 | |a text |b txt |2 rdacontent | ||
| 337 | |a computer |b c |2 rdamedia | ||
| 338 | |a online resource |b cr |2 rdacarrier | ||
| 490 | 1 | |a Report / 113th Congress, 2d session, Senate ; |v 113-146 | |
| 500 | |a Title from title screen (viewed on Apr. 16, 2014). | ||
| 500 | |a "April 8, 2014." | ||
| 650 | 0 | |a Law |z United States |x Territories and possessions. | |
| 651 | 0 | |a United States |x Insular possessions. | |
| 651 | 0 | |a United States |x Territories and possessions. | |
| 655 | 7 | |a Legislative materials. |2 lcgft | |
| 776 | 0 | 8 | |i Print version: |a United States. Congress. Senate. Committee on Energy and Natural Resources. |t Omnibus territories |w (OCoLC)877953525 |
| 776 | 0 | 8 | |i Microfiche version: |a United States. Congress. Senate. Committee on Energy and Natural Resources. |t Omnibus territories |w (OCoLC)883633294 |
| 810 | 1 | |a United States. |b Congress. |b Senate. |t Report ; |v 113-146. | |
| 856 | 4 | 0 | |3 PDF version: |u https://purl.fdlp.gov/GPO/gpo47912 |t 0 |
| 856 | 4 | 0 | |3 Text version: |u https://purl.fdlp.gov/GPO/gpo47913 |t 0 |
| 856 | 4 | 0 | |3 PDF version: |u http://purl.fdlp.gov/GPO/gpo47912 |t 0 |
| 856 | 4 | 0 | |3 Text version: |u http://purl.fdlp.gov/GPO/gpo47913 |t 0 |
| 999 | f | f | |s 266d54b3-57a4-30bb-9898-f12464e75e6d |i a581d847-9ef6-36d5-adde-37e5606598cc |t 0 |
| 952 | f | f | |a Texas A&M University |b College Station |c Electronic Resources |d Available Online |t 0 |e Y 1.1/5:113-146 |h Superintendent of Documents classification |
| 998 | f | f | |a Y 1.1/5:113-146 |t 0 |l Available Online |